000 00444nam a22001697a 4500
003 BD-ChCU
005 20260210085134.0
008 260210b bg ||||| |||| 00| 0 ben d
040 _cBD-ChCU
082 _a582.130942 TAB
100 _aTaylor, George M.
_920190
245 _aBritish garden flowers.//
_cGeorge M. Tailor.
260 _aLondon.
_bCollins
_c1947
300 _a46p
650 0 _aFlowers - British.
_920192
942 _2ddc
_cBK
_n0
999 _c111532
_d111532